[Event "ChFraAccessionFem2011"]
[Site "Caen"]
[Date "2011.08.25"]
[Round "9.2"]
[White "Rigolot, Lucie"]
[Black "Hamdouchi, Adina-Maria"]
[Result "0-1"]
[WhiteElo "1946"]
[BlackElo "2266"]
[PlyCount "58"]
[EventDate "2011.??.??"]

1. e4 g6 2. d4 Bg7 3. Nc3 d6 4. f4 a6 5. Nf3 b5 6. Bd3 Nd7 7. e5 e6 8. Be3 Nh6
9. Be4 d5 10. Bd3 O-O 11. h3 f6 12. g4 fxe5 13. fxe5 c5 14. dxc5 Nxe5 15. O-O
Nxf3+ 16. Rxf3 Nf7 17. Bf2 Bb7 18. Bg3 e5 19. Rf1 Qe7 20. Bf2 Ng5 21. h4 Nh3+
22. Kg2 Nxf2 23. Rxf2 Rxf2+ 24. Kxf2 Qxh4+ 25. Kg2 Rf8 26. Qe1 Qxg4+ 27. Kh2 e4
28. Be2 Be5+ 29. Kh1 Qh3+ 0-1

[Event "ChFraAccessionFem2011"]
[Site "Caen"]
[Date "2011.08.25"]
[Round "9.3"]
[White "Thuret, Marine"]
[Black "Fruteau, Sabine"]
[Result "0-1"]
[WhiteElo "1910"]
[BlackElo "2102"]
[PlyCount "46"]
[EventDate "2011.??.??"]

1. Nc3 d5 2. d4 e6 3. e4 Nf6 4. e5 Nfd7 5. Nf3 c5 6. dxc5 Bxc5 7. Bd3 Nc6 8.
Bf4 a6 9. O-O Be7 10. Re1 g5 11. Be3 Ndxe5 12. Nxe5 Nxe5 13. Bd4 Nxd3 14. Qxd3
O-O 15. Re3 f6 16. Rae1 b5 17. a3 Bd6 18. Rxe6 Bxe6 19. Rxe6 Qd7 20. Rxf6 Rxf6
21. Bxf6 Qe6 22. Bxg5 Qe1+ 23. Qf1 Bxh2+ 0-1

[Event "ChFraAccessionFem2011"]
[Site "Caen"]
[Date "2011.08.26"]
[Round "10.1"]
[White "Benard, Anne-Laurie"]
[Black "Thuret, Marine"]
[Result "1/2-1/2"]
[WhiteElo "1952"]
[BlackElo "1910"]
[PlyCount "30"]
[EventDate "2011.??.??"]

1. e4 d5 2. exd5 Qxd5 3. Nc3 Qa5 4. d4 Nf6 5. Bc4 c6 6. Nf3 e6 7. Bd2 Qc7 8.
Qe2 Be7 9. O-O O-O 10. Rfe1 Re8 11. Bg5 b5 12. Bd3 Nbd7 13. Ne5 h6 14. Nxd7
Bxd7 15. Bh4 Qf4 1/2-1/2

[Event "ChFraAccessionFem2011"]
[Site "Caen"]
[Date "2011.08.26"]
[Round "10.2"]
[White "Fruteau, Sabine"]
[Black "Rigolot, Lucie"]
[Result "1-0"]
[WhiteElo "2102"]
[BlackElo "1946"]
[PlyCount "73"]
[EventDate "2011.??.??"]

1. e4 c5 2. Nf3 d6 3. Bb5+ Bd7 4. Bxd7+ Qxd7 5. O-O Nf6 6. Qe2 Nc6 7. c3 e6 8.
d4 cxd4 9. cxd4 d5 10. e5 Ne4 11. Be3 Be7 12. Ne1 h6 13. f3 Ng5 14. Nc3 O-O 15.
h4 Nh7 16. g3 Rfc8 17. Rd1 Qd8 18. f4 Bb4 19. Rd3 Ne7 20. g4 h5 21. f5 hxg4 22.
f6 Nf5 23. Qxg4 g6 24. h5 Nf8 25. Bd2 Rc4 26. Nc2 Ba5 27. Ne3 Bb6 28. hxg6 Nxg6
29. Nxf5 exf5 30. Rxf5 Qd7 31. Ne2 Re8 32. Qh5 Re6 33. Rh3 Rxf6 34. exf6 Bxd4+
35. Nxd4 Rxd4 36. Qh7+ Kf8 37. Qh8+ 1-0

[Event "ChFraAccessionFem2011"]
[Site "Caen"]
[Date "2011.08.26"]
[Round "10.3"]
[White "Hamdouchi, Adina-Maria"]
[Black "Schweitzer, Viktoriya"]
[Result "1/2-1/2"]
[WhiteElo "2266"]
[BlackElo "2226"]
[PlyCount "103"]
[EventDate "2011.??.??"]

1. Nf3 Nf6 2. g3 g6 3. Bg2 Bg7 4. O-O O-O 5. d4 d6 6. a4 Nbd7 7. Nc3 c6 8. a5
a6 9. e4 Qc7 10. h3 c5 11. Re1 cxd4 12. Nxd4 Rb8 13. Bg5 h6 14. Be3 Ne5 15. Qc1
Kh7 16. f4 Nc4 17. Bf2 e5 18. Nb3 Bd7 19. Bf1 Rbc8 20. Na4 Bb5 21. Bxc4 Bxc4
22. Nb6 Rce8 23. Nxc4 Qxc4 24. Nd2 Qe6 25. fxe5 Qxe5 26. Kg2 Qb5 27. c3 Nd7 28.
Qc2 Re7 29. Re3 Rfe8 30. Qd3 Qc6 31. Rae1 Be5 32. Nf3 Nc5 33. Qd5 Qxd5 34. exd5
Nd7 35. g4 Bf6 36. Rxe7 Rxe7 37. Rxe7 Bxe7 38. Bd4 g5 39. b4 Kg6 40. Nd2 f5 41.
c4 h5 42. gxh5+ Kxh5 43. Nb3 Bf6 44. Bxf6 Nxf6 45. Nd4 Kg6 46. Ne6 Nd7 47. Nd8
Ne5 48. c5 dxc5 49. bxc5 Nc4 50. Nxb7 Ne3+ 51. Kf3 Nxd5 52. Nd6 1/2-1/2